000 01079nam a2200313 i 4500
003 EG-GICUC
005 20260414074926.0
008 260414b1954 fr a|||fr|||| 000 0 fre d
040 _aEG-GiCUC
_bfre
_cEG-GiCUC
_dEG-GiCUC
_eRda
041 _afre
082 0 4 _221
_a341.63
_bDE . E
092 0 4 _221
099 _aLaw1 11 341.63 DE . E 1954
100 1 _aDean, Gordon
_eAuteur
245 1 0 _aÈre Atomique : An XII :
_bNaissance De L'industrie Atomique Aux Etats-unis Et Dans Le Monde /
_cGordon Dean.
264 1 _a Paris :
_b La Table Ronde,
_c1954.
300 _a271 page :
_billustration ;
_c 24 cm.
336 _2rda contenu
_a texte
337 _2rda medias
_aOrdinateur
338 _2 transporteur rda
_a Ressource en ligne
504 _aBibliography: pages 200-250. 240-220
546 _aTexte en français
650 1 4 _aConduite de la guerre
_x (armes et méthodes de guerre)
_2qrmak
651 1 _2qrmak
700 1 _aLafaurie, Serge
_eTraducteur
856 4 0 _uhttps://fll.law.cu.edu.eg/fulltext/bks/B11-09148.pdf
905 _a79
942 _2ddc
_cBK
_e21
_n0
999 _c70711
_d70711